000 00704pam a2200241 a 4500
001 1979883
005 20180226045407.0
008 890703s1989 nyua e 001 0 eng
010 _a 89010589
020 _a0394582489 (set)
020 _a0394582462 (v. 1)
020 _a0394582470 (v. 2)
040 _aDLC
_cDLC
_dDLC
041 _aeng
080 _a610.3 CLA
082 0 0 _a610.3 CLA
_220
100 _a4
101 _aSHM
245 0 4 _aThe American Medical Association home medical encyclopedia /
_cthe American Medical Association ; medical editor, Charles B. Clayman.
740 0 _aHome medical encyclopedia.
906 _a7
_bcbc
_corignew
_d1
_eocip
_f19
_gy-gencatlg
942 _2ddc
_cBK
999 _c43435
_d43435